ALL Harry Styles Songs (updated at any new release) - Statistics

General Stats
  • This quiz has been taken 890 times
    789 since last reset
  • The average score is 32 of 38
Answer Stats
Hint Harry Styles % Correct
G2 12 Fine Line
94%
G2 2 Watermelon Sugar
94%
G3 4 As It Was
93%
G1 2 Sign of the Times
93%
G2 3 Adore You
92%
G3 7 Matilda
92%
G3 1 Music For A Sushi Restaurant
92%
G1 7 Kiwi
90%
G2 1 Golden
88%
G2 5 Cherry
87%
G3 2 Late Night Talking
87%
G1 1 Meet Me in the Hallway
86%
G3 3 Grapejuice
85%
G3 13 Love Of My Life
85%
G1 4 Two Ghosts
85%
G3 12 Boyfriends
84%
G1 3 Carolina
84%
G3 5 Daylight
84%
G1 10 From the Dining Table
84%
G5 Medicine
84%
G2 8 She
84%
G3 6 Little Freak
83%
G1 9 Woman
83%
G2 6 Falling
82%
G3 10 Keep Driving
82%
G2 9 Sunflower, Vol. 6
82%
G2 11 Treat People With Kindness
82%
G3 8 Cinema
81%
G2 4 Lights Up
81%
G2 10 Canyon Moon
79%
G3 9 Daydreaming
79%
G1 6 Only Angel
79%
G1 5 Sweet Creature
79%
G1 8 Ever Since New York
78%
G3 11 Satellite
77%
G2 7 To Be So Lonely
74%
G5 Anna
73%
G4 Girl Crush
66%
No matching quizzes found
Score Distribution
Percent of People with Each Score
Percentile by Number Answered
Your Score History
You have not taken this quiz since the last reset